000 00632nam a2200229Ia 4500
003 OSt
005 20220924114244.0
006 a|||||r|||| 00| 0
007 ta
008 220923b |||||||| |||| 00| 0 pan d
024 _a65238
037 _cTextual
040 _aARTS
_cARTS
_bpan
041 _2pan
_apan
082 _aQ8441:2J63,AJ, 153J71-;1 (EPP)
100 _aSahib Singh
_91958
245 0 _aJapu sahib te duss savyye
260 _aAmritsar
_bAuthor
_c1957
650 _aRELIGION
942 _hQ8441:2J63,AJ, 153J71-;1 (EPP)
_cTEXL
_2CC
999 _c392717
_d392717